| 000 | 00955cam a2200289 a 4500 | ||
|---|---|---|---|
| 999 |
_c73 _d73 |
||
| 001 | 3843303 | ||
| 003 | Nust | ||
| 005 | 20170105095818.0 | ||
| 008 | 870629s1988 caua 000 0 eng | ||
| 010 | _a 87081880 | ||
| 020 | _a0155923889 (pbk.) | ||
| 040 |
_aDLC _cDLC _dDLC |
||
| 050 | 0 | 0 |
_aBD21 _b.B63 1988 |
| 082 | 0 | 0 |
_a100 _219 |
| 100 | 1 | _aBowie, G. Lee. | |
| 245 | 1 | 0 |
_aTwenty questions : _ban introduction to philosophy / _cG. Lee Bowie, Meredith W. Michaels, Robert C. Solomon ; under the general editorship of Robert J. Fogelin. |
| 260 |
_aSan Diego : _bHarcourt Brace Jovanovich, _cc1988. |
||
| 300 |
_axiv, 782 p. : _bill. ; _c24 cm. |
||
| 650 | 0 |
_aPhilosophy _vIntroductions. |
|
| 700 | 1 | _aMichaels, Meredith W. | |
| 700 | 1 | _aSolomon, Robert C. | |
| 700 | 1 | _aFogelin, Robert J. | |
| 740 | 0 | _a20 questions. | |
| 906 |
_a7 _bcbc _corignew _d3 _eopcn _f19 _gy-gencatlg |
||
| 942 |
_2ddc _cBK |
||